| 000 | 00651nam a22001937a 4500 | ||
|---|---|---|---|
| 999 |
_c175760 _d175760 |
||
| 005 | 20200924160857.0 | ||
| 010 | _aENG-128477 | ||
| 020 |
_a9789389137460 _c1680.00 |
||
| 035 | _aEN-112009 | ||
| 037 | _bDBAD/PUB | ||
| 082 | _a303.48254058 | ||
| 100 | _aStobdan, P. | ||
| 245 |
_aIndia and Central Asia: The Strategic Dimension/ _cby P. Stobdan |
||
| 260 |
_aNew Delhi _bKW Publishers _c2020 |
||
| 270 |
_a4676/21, First Floor Ansari Road Daryaganj _bNew Delhi _e110002 _k+911123263498/ 43528107 _mkw@kwpub.com |
||
| 300 |
_axix,502p. _c24cm (Hb) |
||
| 500 | _aIncludes Annexures and Index | ||
| 942 |
_2ddc _cEN _h303.48254058 _mSTO |
||